| 000 | 00436cam a22001097a 4500 | ||
|---|---|---|---|
| 008 | 180718b1974 xxu||||| |||| 00| 0 eng d | ||
| 082 | _aR6 C737 | ||
| 245 |
_aConference on work organisation, technica developments and motivation of the individual _cby Commission of the European Communities |
||
| 260 |
_aBrussels _bCommission of the European Communities _c1974 |
||
| 300 | _a242p | ||
| 700 | _aBelgium. Commission of the European Communities | ||
| 999 |
_c496104 _d496104 |
||